Загрузка...

മാന്‍മിഴികള്‍

Библиографические подробности
Главные авторы: വല്ലച്ചിറ മാധവന്‍, Vallachira Madhavan
Формат: Printed Book
Опубликовано: Thuravoor; Sree Narasimha Vilasom Book Depot; 1969
Редактирование:1st
Предметы:
LEADER 00883nam a22001937a 4500
082 |a 894.M3  |b MAD/M K9 
100 |a വല്ലച്ചിറ മാധവന്‍;  |9 1806 
100 |a Vallachira Madhavan  |9 1807 
240 |a Manmizhikal 
245 |a മാന്‍മിഴികള്‍ 
250 |a 1st 
260 |a Thuravoor;  |b Sree Narasimha Vilasom Book Depot;  |c 1969 
300 |a 72p. 
650 |a മലയാളം; മലയാളം നോവല്‍  |9 3 
650 |a Malayalam; Malayalam Novel  |9 1903 
942 |c BK 
999 |c 31012  |d 31012 
952 |0 0  |1 0  |4 0  |6 894_000000000000000_M3_MAD_M_K91  |7 0  |8 FIC  |9 33959  |a MAL  |b MAL  |d 2015-04-29  |e 10810  |g 1.25  |l 0  |o 894.M3 MAD/M K9;1  |p MAL010810  |r 2015-04-29  |t 2  |w 2015-04-29  |y BK 
952 |0 0  |1 0  |4 0  |6 894_000000000000000_M3_MAD_M_K9  |7 0  |8 FIC  |9 33960  |a MAL  |b MAL  |d 2015-06-03  |e 18949  |g 1.25  |l 0  |o 894.M3 MAD/M K9  |p MAL018949  |r 2015-06-03  |t 1  |w 2015-06-03  |y BK